logo

Bir Sreshtho Munshi Abdur Rouf Library
Jhenaidah Cadet College

ধোঁয়া ধোঁয়া শেষ ছোঁয়া / (Record no. 10553)

MARC details
000 -LEADER
fixed length control field 00745nam a2200229 a 4500
001 - CONTROL NUMBER
JCCL Control Number 10553
003 - CONTROL NUMBER IDENTIFIER
JCCL marc code BD-JhCC
005 - DATE AND TIME OF LATEST TRANSACTION
control field 20180710114932.0
008 - FIXED-LENGTH DATA ELEMENTS--GENERAL INFORMATION
fixed length control field 180710s2017 bg |||| |||| 000 0 ben d
020 ## - INTERNATIONAL STANDARD BOOK NUMBER
International Standard Book Number 9847025403086
035 ## - SYSTEM CONTROL NUMBER
system control number (BD-JhCC)10553
040 ## - CATALOGING SOURCE
Original cataloging agency BD-JhCC
Modifying agency BD-JhCC
041 ## - LANGUAGE CODE
Language code of Book ben
082 ## - DEWEY DECIMAL CLASSIFICATION NUMBER
Classification number 891.4415
Author mark and Year SHA 2017
100 ## - MAIN ENTRY--PERSONAL NAME
Personal name শামস, ইভানা
245 ## - TITLE STATEMENT
Title ধোঁয়া ধোঁয়া শেষ ছোঁয়া /
Statement of responsibility, etc ইভানা শামস
260 ## - PUBLICATION, DISTRIBUTION, ETC. (IMPRINT)
Place of publication, distribution, etc ঢাকা :
Name of publisher, distributor, etc দি রয়েল পাবলিশার্স,
Date of publication, distribution, etc ২০১৭.
300 ## - PHYSICAL DESCRIPTION
Pagination ৬৪ পৃ. :
Dimensions ১৯ সেমি.
650 ## - SUBJECT ADDED ENTRY--TOPICAL TERM
Topical term or geographic name as entry element Bengali Poetry
650 ## - SUBJECT ADDED ENTRY--TOPICAL TERM
Topical term or geographic name as entry element বাংলা কবিতা
942 ## - ADDED ENTRY ELEMENTS (KOHA)
Source of classification or shelving scheme Dewey Decimal Classification
Koha item type Books
Holdings
Source of classification or shelving scheme Damaged status Not for loan Home library Current library Shelving location Date of accession Source of acquisition Cost, normal purchase price Total Checkouts Full call number Barcode Date last seen Copy number Koha item type Date checked out
Dewey Decimal Classification     JCC Rouf Library JCC Rouf Library General Stacks 07/10/2018 ক্যাডেট ফিরোজ, 30/1657/H 100.00   891.4415 SHA 2017 14131 07/10/2018 C-1 Books  
Dewey Decimal Classification     JCC Rouf Library JCC Rouf Library General Stacks 07/30/2018   100.00 1 891.4415 SHA 2017 14337 03/23/2022 C-2 Books 01/20/2022

JCC Library | Contacts | JCC Home

Last Update on 23 September 2017
Copyright @ 2017-2020 JCC Rouf Library
Rouf Library, Jhenidah Cadet College (JCC), Bangladesh